Countries Moon Jae-in has visited - Statistics

General Stats
  • This quiz has been taken 48 times
    18 since last reset
  • The average score is 36 of 40
Answer Stats
Continent Country % Correct
South America Argentina
100%
Oceania Australia
100%
Asia China
100%
Europe France
100%
Europe Germany
100%
Asia India
100%
Asia Indonesia
100%
Europe Italy
100%
Asia Japan
100%
Asia North Korea
100%
Oceania Papua New Guinea
100%
Asia/ Europe Russia
100%
Europe Spain
100%
Europe United Kingdom
100%
North America United States of America
100%
Asia Vietnam
100%
Europe Austria
92%
Europe Belgium
92%
Asia Cambodia
92%
Africa Egypt
92%
Asia Laos
92%
Asia Malaysia
92%
Oceania New Zealand
92%
Asia Saudi Arabia
92%
Asia Singapore
92%
Asia Thailand
92%
Asia Brunei
83%
Europe Czech Republic
83%
Europe Finland
83%
Europe Hungary
83%
Asia Kazakhstan
83%
Europe Norway
83%
Europe Sweden
83%
Asia United Arab Emirates
83%
Asia Uzbekistan
83%
Asia the Philippines
75%
Europe Denmark
67%
Asia Myanmar
67%
Asia Turkmenistan
58%
Europe Vatican City
58%
No matching quizzes found
Score Distribution
Percent of People with Each Score
Percentile by Number Answered
Your Score History
You have not taken this quiz since the last reset